000
00349nam a2200157Ia 4500
100
_a
Palmer/Michael/ Walters
650
_a
Operating systems
942
_c
BK
366
_f
25
245
_a
Guide to Operating Systems
260
_b
Cengage Learning
_c
2007
082
_a
5.43
_b
PAL
300
_a
697
546
_a
ENGLISH
_c
Computers
999
_c
23978
_d
23978